000
00286nam a22001337a 4500
020
_a
81-7862-448-6
082
_a
920
_b
KAP/M
100
_a
KAPUR,SADHNA
245
_a
MOTHER TERESA
260
_a
NEW DELHI
_b
STERLING PRESS
300
_a
56
650
_a
BIOGRAPHY
_z
NEW DELHI
942
_c
BK
999
_c
5869
_d
5869